| 000 | 00415nam a22001457a 4500 | ||
|---|---|---|---|
| 005 | 20241030153117.0 | ||
| 008 | 241030b |||||||| |||| 00| 0 eng d | ||
| 020 | _a9789988149925 | ||
| 050 |
_aR123 _bESE |
||
| 100 | _aEsena, Reuben | ||
| 245 |
_aA Dictionary Health Care _b:Understanding Health Care |
||
| 260 |
_aAccra _bAssemblies of God Literature Centre Limited _cc2011 |
||
| 300 | _avii,569p | ||
| 942 |
_2lcc _cBK _n0 |
||
| 999 |
_c381 _d381 |
||